<?xml version="1.0" encoding="UTF-8"?>
<collection xmlns="http://www.loc.gov/MARC21/slim">
 <record>
  <leader>01685nam a22002537a 4500</leader>
  <controlfield tag="001">NCT_59112</controlfield>
  <controlfield tag="008">190214b        xxu||||| |||| 00| 0 vie d</controlfield>
  <datafield tag="999" ind1=" " ind2=" ">
   <subfield code="c">2869</subfield>
   <subfield code="d">2869</subfield>
  </datafield>
  <datafield tag="020" ind1=" " ind2=" ">
   <subfield code="a">9786047021468</subfield>
   <subfield code="c">85000</subfield>
  </datafield>
  <datafield tag="082" ind1="0" ind2="4">
   <subfield code="2">23rd ed.</subfield>
   <subfield code="a">001.0922</subfield>
   <subfield code="b">G561H</subfield>
  </datafield>
  <datafield tag="245" ind1="0" ind2="0">
   <subfield code="a">Gương hiếu học của 100 danh nhân đoạt giải Nobel</subfield>
   <subfield code="c">Trần Thanh Sơn, Trần Việt Minh (sưu tầm và soạn dịch)</subfield>
  </datafield>
  <datafield tag="250" ind1=" " ind2=" ">
   <subfield code="a">Tái bản có chỉnh lý, sửa chữa</subfield>
  </datafield>
  <datafield tag="260" ind1=" " ind2=" ">
   <subfield code="a">H.</subfield>
   <subfield code="b">Văn hóa dân tộc</subfield>
   <subfield code="c">2018</subfield>
  </datafield>
  <datafield tag="300" ind1=" " ind2=" ">
   <subfield code="a">280 tr.</subfield>
   <subfield code="c">21cm</subfield>
  </datafield>
  <datafield tag="504" ind1=" " ind2=" ">
   <subfield code="a">Thư mục: tr. 275</subfield>
  </datafield>
  <datafield tag="520" ind1="3" ind2=" ">
   <subfield code="a">Gương hiếu học của 100 danh nhân đoạt giải Nobel giới thiệu với bạn đọc những câu chuyện về tinh thần học hỏi, sự say mê khám phá của 100 danh nhân, những người có cống hiến nhiều cho nhân loại và đã vinh dự nhận giải thưởng Nobel.</subfield>
  </datafield>
  <datafield tag="653" ind1=" " ind2=" ">
   <subfield code="a">Sách tham khảo</subfield>
  </datafield>
  <datafield tag="700" ind1="1" ind2=" ">
   <subfield code="a">Trần Thanh Sơn</subfield>
   <subfield code="e">Sưu tầm - soạn dịch</subfield>
  </datafield>
  <datafield tag="700" ind1="1" ind2=" ">
   <subfield code="a">Trần Nhật Minh</subfield>
   <subfield code="e">Sưu tầm - soạn dịch</subfield>
  </datafield>
  <datafield tag="942" ind1=" " ind2=" ">
   <subfield code="2">ddc</subfield>
   <subfield code="c">BK</subfield>
  </datafield>
  <datafield tag="952" ind1=" " ind2=" ">
   <subfield code="0">0</subfield>
   <subfield code="1">0</subfield>
   <subfield code="2">ddc</subfield>
   <subfield code="4">0</subfield>
   <subfield code="6">001_092200000000000_G561H</subfield>
   <subfield code="7">0</subfield>
   <subfield code="9">15423</subfield>
   <subfield code="a">000001</subfield>
   <subfield code="b">000001</subfield>
   <subfield code="d">2019-02-14</subfield>
   <subfield code="l">1</subfield>
   <subfield code="o">001.0922 G561H</subfield>
   <subfield code="p">TK.01261</subfield>
   <subfield code="r">2021-04-29</subfield>
   <subfield code="s">2021-04-19</subfield>
   <subfield code="v">85000.00</subfield>
   <subfield code="w">2019-02-14</subfield>
   <subfield code="y">BK</subfield>
  </datafield>
  <datafield tag="952" ind1=" " ind2=" ">
   <subfield code="0">0</subfield>
   <subfield code="1">0</subfield>
   <subfield code="2">ddc</subfield>
   <subfield code="4">0</subfield>
   <subfield code="6">001_092200000000000_G561H</subfield>
   <subfield code="7">0</subfield>
   <subfield code="9">15425</subfield>
   <subfield code="a">000001</subfield>
   <subfield code="b">000001</subfield>
   <subfield code="d">2019-02-14</subfield>
   <subfield code="o">001.0922 G561H</subfield>
   <subfield code="p">TK.01262</subfield>
   <subfield code="r">2019-02-14</subfield>
   <subfield code="v">85000.00</subfield>
   <subfield code="w">2019-02-14</subfield>
   <subfield code="y">BK</subfield>
  </datafield>
  <datafield tag="952" ind1=" " ind2=" ">
   <subfield code="0">0</subfield>
   <subfield code="1">0</subfield>
   <subfield code="2">ddc</subfield>
   <subfield code="4">0</subfield>
   <subfield code="6">001_092200000000000_G561H</subfield>
   <subfield code="7">0</subfield>
   <subfield code="9">15426</subfield>
   <subfield code="a">000001</subfield>
   <subfield code="b">000001</subfield>
   <subfield code="d">2019-02-14</subfield>
   <subfield code="o">001.0922 G561H</subfield>
   <subfield code="p">TK.01263</subfield>
   <subfield code="r">2019-02-14</subfield>
   <subfield code="v">85000.00</subfield>
   <subfield code="w">2019-02-14</subfield>
   <subfield code="y">BK</subfield>
  </datafield>
  <datafield tag="980" ind1=" " ind2=" ">
   <subfield code="a">Thư viện Trường Đại học Nam Cần Thơ</subfield>
  </datafield>
 </record>
</collection>
